000 00851nam a2200253 a 4500
003 AR-BaBNM
005 20251128204854.0
008 082120s2002 ||||||||||||||000 | spa||
020 _a1132-0214
040 _cAR-BaBNM
245 0 0 _aLingüística
_bvolumen especial dedicado al español en América
_n4
260 _aMadrid
_bAsociación de Lingüística y Filología de la América Latina
_c1992
300 _a399 p.
500 _aLa presente obra es una publicación anual de ALFAL: Asociación de Lingüística y Filología de la América Latina
650 4 _aFILOLOGIA
650 4 _aLINGÜISTICA COMPARATIVA Y DIACRONICA
650 4 _aCAMBIO LINGÜISTICO
650 4 _aINVESTIGACION LINGÜISTICA
650 4 _aSEMANTICA
650 4 _aLENGUAS ROMANCES
700 1 _aLópez Morales, Humberto
_edirector
942 _cBK
998 _cisola
999 _c9137
_d9137